| 000 | 00328nam a22001337a 4500 | ||
|---|---|---|---|
| 020 | _a0-7131-3558-1 | ||
| 082 | _a621.382 BRI'T | ||
| 100 |
_aBRIELEY, H. G _965688 |
||
| 245 | _aTELECOMMUNICATIONS ENGINEERING | ||
| 260 |
_aAUSTRALIA _bEDWARD ARNOLD _c1986 |
||
| 300 | _a278P | ||
| 650 |
_aTELECOMMUNICATIONS _9736 |
||
| 942 | _cBK | ||
| 999 |
_c573828 _d573828 |
||